Statistics for Comic from Characters

Click here to take the quiz!

General Stats

  • This quiz has been taken 12 times
  • The average score is 5 of 10

Answer Stats

HintAnswer% Correct
Sally, Lucy, PigpenPeanuts
91%
Moe, Calvin, SusieCalvin and Hobbes
82%
Wally, Alice, DogbertDilbert
82%
Odie, Nermal, JonGarfield
82%
Otto, Beetle, SargeBeetle Bailey
64%
Honi, Helga, Lucky EddieHagar the Horrible
45%
Teddy, Jenny, ArturBig Nate
18%
Andy, Paige, MarcusFoxtrot
18%
Pig, Rat, LarryPearls before Swine
18%
Clumsy, Carp, Curls, Thor,B.C.
0%

Score Distribution

Percentile by Number Answered

Percent of People with Each Score

Your Score History

You have not taken this quiz